000 00512pab a2200169 454500
008 180718b2001 xxu||||| |||| 00| 0 eng d
100 _aNeill, Scan P.
245 _aExplaining the adoption and disadoption of sustainable agriculture: the case of cover crops in Northern Honduras
260 _c2001
300 _ap.793-820.
362 _aJul
650 _aSustainable agriculture
650 _aAgriculture
700 _aLee, David R.
773 _aEconomic Development and Cultural Change
909 _a52529
999 _c52529
_d52529